| 000 | 00843nam a22002057a 4500 | ||
|---|---|---|---|
| 005 | 20240321120759.0 | ||
| 010 | _aB-756173-178 ENG-139874 | ||
| 020 |
_c785.00 _a9789390818570 |
||
| 035 | _aB-756173-178 | ||
| 035 | _aEN-123406 | ||
| 037 | _bBharti Publication | ||
| 082 | _a006.3 | ||
| 245 |
_aArtificial Intelligence and Law/ _cEdited by- Vijender Kumar |
||
| 260 |
_aNew Delhi _bBharti Publication _c2023 |
||
| 270 |
_bNew Delhi _a4819/24, 2nd Floor, Mathur Lane, Ansari Road Darya Ganj, _e110002 |
||
| 300 |
_a220p. _c22cm(HB) |
||
| 700 |
_aVijender Kumar _960659 |
||
| 942 |
_2ddc _cEN _h006.3 _mART |
||
| 999 |
_c199973 _d199973 |
||